000 00572nam a22001697a 4500
003 MACL
005 20160717155234.0
008 160717b xxu||||| |||| 00| 0 eng d
040 _cMACL
041 _aHindi
082 _a891.431 TAR
100 _aमन्‍ना, अब्‍दुल
_964642
245 _aविधा का काव्‍य सागर
_cअब्‍दुल मन्‍नान
260 _aनई दिल्‍ली
_bएच. एस. आफसेट प्रेस
_c2008
650 _aकविता
_9226
942 _2ddc
_cHIN
999 _c54386
_d54386